| 000 | 00000nam##2200000za#4500 |
| 001 | 9.686096 |
| 003 | CaOODSP |
| 005 | 20210624230401 |
| 007 | cr ||||||||||| |
| 008 | 150407|1999||||xxc|||||o f|0| 0 eng|d |
| 020 | |a0-662-30445-4 |
| 040 | |aCaOODSP|beng |
| 043 | |an-cn--- |
| 086 | 1 |aE2-349/1999E-IN |
| 110 | 1 |aCanada.|bForeign Affairs and International Trade. |bCanadian Centre for Foreign Policy Development. |
| 245 | 10|aMedia and Peacebuilding : |h[electronic resource]|bA Roundtable Consultation (April 8-9, 1999, Vancouver, B.C.) / |cThe Institute for Media, Policy and Civil Society (IMPACS). |
| 260 | |aOttawa - Ontario : |bForeign Affairs and International Trade. |c[1999]. |
| 300 | |a13p. |
| 590 | |a10-07-Supp|b2010-09-08 |
| 690 | 07|aMedia|2gcpds |
| 690 | 07|aMeetings|2gcpds |
| 690 | 07|aPeacekeeping|2gcpds |
| 776 | 0#|tMedia and peace-building: a roundtable consultation |w(CaOODSP)9.648160 |
| 856 | 40|ahttp://publications.gc.ca|qPDF|s363 KB|uhttps://publications.gc.ca/collections/Collection/E2-349-1999E.pdf |
| 986 | |a1006.9E |